| 000 | 00365nam a2200145Ia 4500 | ||
|---|---|---|---|
| 008 | 230917s9999||||xx |||||||||||||| ||und|| | ||
| 040 |
_e135527 _aMAIN |
||
| 041 | _aEnglish | ||
| 082 | _a005.133 P252 O | ||
| 100 | _aParsons, David | ||
| 245 | 0 | _aObject orinted programming with c++ | |
| 260 |
_aNew Delhi _bPublications _c1995 |
||
| 300 | _a319 p. | ||
| 942 | _cBK | ||
| 999 |
_c104225 _d104225 |
||